000 00537nam a2200217Ia 4500
008 180523s9999 xx 000 0 und d
020 _a81-7809-114-3
050 _aMAIN HF 5438.25
050 _b.Z54 2002
100 _aZiglar, Zig.
245 0 _aZig Ziglar's secret of closing the sale /
245 0 _cZig Ziglar.
260 _aMumbai :
260 _bMagna Publishing,
260 _c2002
300 _a402 pages :
300 _billustrations ;
300 _c21 cm.
650 _aSelling.
650 _xStrategic planning.
999 _c357115
_d357115